Harry Potter : Etablissements du Chemin de Traverse - Statistiques

Statistiques générales
  • Ce quiz a été pris 575 fois
  • Le résultat moyen est 3 sur 11
Statistiques - réponses
Hint Réponse % Correct
On y perd des journaux intimes Fleury et Bott
76%
On y fait des tours de wagons Gringotts
62%
On y rencontre Drago Malefoy Chez Madame Guipure, prêt-à-porter pour mages et sorciers
40%
Son mur exterieur est très intéressant Le Chaudron Baveur
38%
Hagrid y trouve son premier cadeau pour Harry Au Royaume du Hibou
32%
On y fait apparaitre des bouquets de fleurs Ollivander
22%
Hermione y trouve son chat La Ménagerie Magique
18%
On peut y trouver une plume à papotte La Gazette du Sorcier
2%
On y va notamment pour y trouver de quoi découvrir les animaux magiques Obscurus Books
1%
On peut y trouver Narcissa Malefoy Tissard et Brodette
1%
Son arrière boutique est très sérieuse Weasley & Weasley, Farces pour sorciers facétieux
1%
Aucun quiz correspondant
Distribution des résultats
% des personnes avec chaque résultat
Percentile par nombre de réponses
Votre historique - résultats
Vous n’avez pas pris ce quiz